In short. Episode 32, Gemini program /

Episode 32 - Gemini Program: The Gemini Program heralded new technologies that would eventually make man's first trip the moon possible.

Bibliographic Details
Format: Video
Language:English
Language Notes:In English.
Published: Derry, NH : Chip Taylor Communications, 2011.
Series:Academic Video Online
Subjects:
Online Access:Connect to this streaming video (Alexander Street Press)

MARC

Tag First Indicator Second Indicator Subfields
LEADER 00000cgm a2200000Mi 4500
001 in00005589521
006 m o c
007 cr |n||||||||a
007 vz |za|z|
008 190311s2011 nhu003 e o vueng d
005 20241201233325.3
035 |a (OCoLC)on1104050758 
040 |a ALSTP  |b eng  |e rda  |c ALSTP  |d OCLCO  |d OCLCF  |d OCLCO  |d OCLCQ  |d NUI  |d OCLCO 
019 |a 1373456559  |a 1430816470  |a 1443953372 
035 |a (OCoLC)1104050758  |z (OCoLC)1373456559  |z (OCoLC)1430816470  |z (OCoLC)1443953372 
049 |a TXAM 
245 0 0 |a In short.  |n Episode 32,  |p Gemini program /  |c [produced by Switch International]. 
264 1 |a Derry, NH :  |b Chip Taylor Communications,  |c 2011. 
300 |a 1 online resource (3 minutes) 
306 |a 000236 
336 |a two-dimensional moving image  |b tdi  |2 rdacontent 
337 |a computer  |b c  |2 rdamedia 
337 |a video  |b v  |2 rdamedia 
338 |a online resource  |b cr  |2 rdacarrier 
347 |a video file  |2 rda 
490 0 |a Academic Video Online 
500 |a Title from resource description page (viewed May 07, 2019). 
500 |a "A lesson on almost everything". 
520 |a Episode 32 - Gemini Program: The Gemini Program heralded new technologies that would eventually make man's first trip the moon possible. 
546 |a In English. 
610 2 0 |a Project Gemini (U.S.) 
610 1 0 |a United States.  |b National Aeronautics and Space Administration. 
610 2 7 |a Project Gemini (U.S.)  |2 fast 
610 1 7 |a United States.  |b National Aeronautics and Space Administration  |2 fast 
650 0 |a Space exploration. 
655 2 |a Documentaries and Factual Films 
655 7 |a documentary film.  |2 aat 
655 7 |a Documentary films  |2 fast 
655 7 |a Short films  |2 fast 
655 7 |a Short films.  |2 lcgft 
655 7 |a Documentary films.  |2 lcgft 
655 7 |a Courts métrages.  |2 rvmgf 
655 7 |a Documentaires.  |2 rvmgf 
710 2 |a Switch International,  |e production company. 
856 4 0 |u http://proxy.library.tamu.edu/login?url=https://www.aspresolver.com/aspresolver.asp?MARC;3215154  |z Connect to this streaming video (Alexander Street Press)  |t 0 
955 |a Alexander Street Press subscription streaming video 
994 |a 92  |b TXA 
999 f f |s bef38432-880d-405e-bcd9-26dc367a94d4  |i f1b448dc-7d13-4a8e-aa08-b567ceb3ba1f  |t 0 
952 f f |a Texas A&M University  |b College Station  |c Electronic Resources  |d Available Online  |t 0  |h Library of Congress classification 
998 f f |t 0  |l Available Online